000 01057nam a2200277Ia 4500
003 OSt
005 20221005110029.0
006 a|||||r|||| 00| 0
007 ta
008 221004b |||||||| |||| 00| 0 guj d
020 _a9788172010300 (pbk)
_cINR 200.00
024 _a37722
037 _bBW/1666, 14/03/2018, Bookwell
_cTextual
040 _aCRL
_cCRL
_bguj
041 _2guj
_aguj
082 _aO156,3NKA,DP, 152N0;Q7
100 _aकापडीआ, कुंदनिका, ले.
245 0 _aदीवारों से पारः आकाश
246 _aDīvāroan se pārah ākāsha
260 _aनई दिल्ली
_bसाहित्य अकादेमी भारत
_c2017
300 _a276पृ0
_ccm.
650 _a गुजराती साहित्य
650 _aगुजराती कहानी
942 _hO156,3NKA,DP, 152N0;Q7
_cTEXL
_2cc
999 _c1017587
_d1017587